000 00908nam a22003017a 4500
001 17048114
003 OSt
005 20140310182901.0
008 111116s2010 ph 001 0 eng
010 _a 2011308503
020 _a9789715849531
040 _aDLC
_cDLC
042 _alcode
050 0 0 _aBJ 1611.2
_b.En59 2010
082 _aFIL 303.37209599
_bEn56 2010
100 1 _aEnriquez, Cris.
245 1 0 _aFilipinos are rich :
_bthey just don't know about it /
_cEnriquez, Cris ; foreword by Myles Munroe.
260 _aQuezon City :
_bC & E Pub.,
_c2010.
300 _axv, 118 p. ;
_c18 cm.
500 _aIncludes index.
521 _aCollege Student
526 _c1210L-1700L
541 _j1
562 _eFor circulation. 1 copy available in the collection.
906 _a7
_bcbc
_corigode
_d4
_encip
_f20
_gy-gencatlg
942 _2lcc
_cBK
_kFIL
999 _c17092
_d17092